Statistics for Countries with the Highest Buddhist Population

Click here to take the quiz!

General Stats

  • This quiz has been taken 151 times
  • The average score is 9 of 10

Answer Stats

Amount of FollowersBuddhism% Correct
102,000,000China
99%
8,965,000Japan
96%
55,480,000Thailand
96%
7,000,000India
94%
49,690,000Vietnam
91%
9,130,000Cambodia
89%
41,610,000Myanmar
89%
10,920,000South Korea
85%
9,150,000Taiwan
83%
12,540,000Sri Lanka
69%

Score Distribution

Percentile by Number Answered

Percent of People with Each Score

Your Score History

You have not taken this quiz